| 000 | 01432nam a22003497a 4500 | ||
|---|---|---|---|
| 999 |
_c18829 _d18829 |
||
| 008 | 240201b ||||| |||| 00| 0 eng d | ||
| 020 | _a9781394186303 | ||
| 082 |
_22023 _aDC 657.30218 _bAl419 |
||
| 100 |
_aAlibhai, Salim. _950998 |
||
| 245 |
_aInterpretation and application of IFRS standards : _bincludes summary of key provisions of US GAAP vs. IFRS / _cSalim Alibhai and fourteen others. |
||
| 260 |
_aCanada : _bJonly Wiley & Sons, Inc., _c©2023. |
||
| 300 |
_aviii, 1000 pages : _billustrations ; _c24 cm. |
||
| 500 | _aIncludes index. | ||
| 650 |
_aInternational Accounting Standards Board. _951457 |
||
| 650 |
_aAccounting _xStandards. _951458 |
||
| 650 |
_aInternational business enterprises _xAccounting. _951459 |
||
| 700 |
_aBakker, Erwin. _eauthor. _950999 |
||
| 700 |
_aBalasubramanian, TV. _eauthor. _951000 |
||
| 700 |
_aBharadva, Kunal. _eauthor. _951001 |
||
| 700 |
_aChaudhry, Asif. _eauthor. _951002 |
||
| 700 |
_aCoetsee, Danie. _eauthor. _938183 |
||
| 700 |
_aDrummond, Jamie. _eauthor. _951003 |
||
| 700 |
_aHercus, Rob. _eauthor. _951004 |
||
| 700 |
_aKuria, Patrick. _eauthor. _951005 |
||
| 700 |
_aMacharia, Frederick. _eauthor. _951006 |
||
| 700 |
_aMorrison, Gillian. _eauthor. _951007 |
||
| 700 |
_aNambiar, Rekha. _eauthor. _951008 |
||
| 700 |
_aRamanarayanan, J. _eauthor. _951009 |
||
| 700 |
_aShah, Darshan. _eauthor. _951010 |
||
| 700 |
_aWoolley, Douglas. _eauthor. _951011 |
||
| 942 |
_2ddc _cDC |
||